|
|
|
|
| LEADER |
01037nam a22002772a 4500 |
| 001 |
001734928 |
| 003 |
CZ BrMZK |
| 005 |
20200312081442.0 |
| 007 |
ta |
| 008 |
200312s1936 au a er|||||||||||ger d |
| 040 |
|
|
|a ABD103
|b cze
|d ABD103
|
| 072 |
|
7 |
|a 655
|x Polygrafie. Vydavatelství a knižní obchod
|2 Konspekt
|9 12
|
| 080 |
|
|
|a 655.15-051
|2 MRF
|
| 080 |
|
|
|a 655.3(091)
|2 MRF
|
| 100 |
1 |
|
|a Hála, Rudolf,
|d 1892-1968
|7 jk01033181
|4 aut
|
| 245 |
1 |
0 |
|a Christoph Plantin aus der Blütezeit des Buchdruckes in Antwerpen /
|c von Rudolf Hála
|
| 260 |
|
|
|a Wien :
|b H. Reichner,
|c 1936
|
| 300 |
|
|
|a 37 s. :
|b il. ;
|c 22 cm
|
| 600 |
1 |
7 |
|a Plantin, Christophe,
|d asi 1520-1589
|7 jn20000701422
|2 czenas
|
| 650 |
0 |
7 |
|a dějiny tiskařství
|7 ph541865
|2 czenas
|
| 650 |
0 |
7 |
|a tiskaři
|7 ph126652
|2 czenas
|
| 655 |
|
7 |
|a monografie
|7 fd132842
|2 czenas
|
| 910 |
|
|
|a BOA001
|b Bf2-0143.431
|
| 990 |
|
|
|a BK
|
| 991 |
|
|
|b 202003
|
| 996 |
6 |
|
|b 2618831852
|c Bf2-0143.431
|l Stud. starých tisků/4.patro
|r Sklad / do násl. otevíracího dne
|n 0
|w 001787125
|u 000010
|a 1
|e BOA001
|j MZK50
|s P
|